Primer encuentro Brasileño-Argentino de gas reformado : 14 al 16 de Octubre de 1987 Foz de Iguazu.

Guardado en:
Autores Corporativos: Encuentro Brasileño-Argentino de Gas Reformado Foz de Iguazu, Brasil), Programa Nacional de Petroquímica.
Formato: Libro
Idioma:Spanish
Publicado: [Buenos Aires] : Secyt, 1987.
Materias:
Etiquetas: Agregar Etiqueta
Sin Etiquetas, Sea el primero en etiquetar este registro!
LEADER 00758nam a22001935a 4500
001 EIQ.libpla002429
008 070612s1987####ag#a##########100#0#spa#d
005 20070612163709.0
245 1 0 |a Primer encuentro Brasileño-Argentino de gas reformado :  |b 14 al 16 de Octubre de 1987 Foz de Iguazu. 
260 |a [Buenos Aires] :  |b Secyt,  |c 1987. 
300 |a 232 p. :  |b il. ;  |c 26 cm. 
111 2 |a Encuentro Brasileño-Argentino de Gas Reformado  |n (1er :  |d 1987 :  |c Foz de Iguazu, Brasil) 
710 2 |a Programa Nacional de Petroquímica. 
650 4 |a Procesos  |x Gas natural. 
650 4 |a Gas natural  |x Congresos. 
650 4 |a Processes  |x Natural gas. 
650 4 |a Natural gas  |x Congresses. 
040 |a AR-BbSID  |b spa  |c AR-BbSID 
859 |a AR-BbSID  |b BIB. PLAPIQUI  |h 665.7  |i En 17  |p 3883